Conquista y antiguedades de las Islas de Gran Canaria y su descripcion (Record no. 160841)

MARC details
000 -LEADER
campo de control de longitud fija 01007nam a22002175i 4500
001 - NÚMERO DE CONTROL
campo de control 160841
003 - IDENTIFICADOR DE NÚMERO DE CONTROL
campo de control ES-MaACL
005 - FECHA Y HORA DE LA ÚLTIMA TRANSACCIÓN
campo de control 20250807013019.0
008 - DATOS DE LONGITUD FIJA--INFORMACIÓN GENERAL
campo de control de longitud fija 981211s1847 sp a |||| | spa d
040 ## - FUENTE DE CATALOGACIÓN
Centro catalogador/agencia de origen CYL
Lengua de catalogación spa
Centro/agencia transcriptor CYL
100 1# - ENTRADA PRINCIPAL--NOMBRE DE PERSONA
Nombre de persona Nuñez de la Peña, Juan.
9 (RLIN) 130560
245 10 - MENCIÓN DEL TÍTULO
Título Conquista y antiguedades de las Islas de Gran Canaria y su descripcion
Resto del título : con muchas advertencias de sus privilegios, conquistadores, pobladores, y otras particularidades, en la muy poderosa Isla de Tenerife ... /
Mención de responsabilidad, etc. compuesto por Juan Nuñez de la Peña ..., impreso en Madrid año de 1676.
250 ## - MENCION DE EDICION
Mención de edición Reimp.
260 ## - PUBLICACIÓN, DISTRIBUCIÓN, ETC.
Lugar de publicación, distribución, etc. Reimpreso en Santa Cruz de Tenerife :
Nombre del editor, distribuidor, etc. [s.n.],
Fecha de publicación, distribución, etc. 1847 (
Fabricante Imprenta Isleña, Regente Miguel Miranda)
300 ## - DESCRIPCIÓN FÍSICA
Extensión [3] h., V, 550 p., [9] h. ;
Dimensiones 22 cm.
490 1# - MENCIÓN DE SERIE
Mención de serie Biblioteca Isleña
650 #4 - PUNTO DE ACCESO ADICIONAL DE MATERIA--TÉRMINO DE MATERIA
Término de materia o nombre geográfico como elemento de entrada
9 (RLIN) 241641
830 0# - PUNTO DE ACCESO ADICIONAL DE SERIE-TÍTULO UNIFORME
Título uniforme Biblioteca Isleña
9 (RLIN) 183694
852 ## - LOCALIZACIÓN
Ubicación ES-MaACL
Número de control de estantería G-11538(1)
Nota libre -- Enc. hol.
condición física -- Falto de la cub. original
Nota libre -- Enc. en un vol. facticio
Holdings
Estatus retirado Estado de pérdida Estado de daño No para préstamo Colección Biblioteca de origen Biblioteca actual Ubicación en estantería Fecha de adquisición Fuente de adquisición Total de préstamos Signatura topográfica completa Código de barras Visto por última vez Precio de reemplazo Tipo de ítem Koha
        Libros del s. XIX Biblioteca del Ateneo de Madrid Biblioteca del Ateneo de Madrid Sala Pecera Planta 3 17/01/2008     G-11538(1) 1168438 23/02/2023 23/02/2023 Libro impreso antiguo